National Anthem of Dominican Republic - "Quisqueyanos valientes" - Statistics

General Stats
  • This quiz has been taken 13 times
  • The average score is 60 of 90
Answer Stats
Answer % Correct
alcemos
100%
emoción,
100%
nuestro
100%
Quisqueyanos
100%
valientes,
100%
viva
100%
canto
90%
con
90%
y
90%
la
80%
a
70%
alzará;
70%
brava
70%
del
70%
es
70%
esclavo
70%
faz
70%
fuerte,
70%
la
70%
lanzó,
70%
libre
70%
libre
70%
Mas
70%
merece
70%
muerte
70%
mundo
70%
Ningún
70%
ostentemos
70%
pueblo
70%
que,
70%
Quisqueya
70%
rompió.
70%
sabrá.
70%
¡Salve!
70%
se
70%
ser
70%
servil;
70%
si
70%
y
70%
a
60%
a
60%
altiva
60%
bélico
60%
cadenas
60%
crece
60%
cuando
60%
de
60%
de
60%
el
60%
el
60%
en
60%
en
60%
esclava
60%
esclavo
60%
frente
60%
fuere
60%
glorioso
60%
guerra
60%
heroísmo
60%
indolente
60%
indómita
60%
intrépido
60%
invicto
60%
la
60%
la
60%
la
60%
llama
60%
mil
60%
morir
60%
no
60%
nuestro
60%
otras
60%
pecho
60%
pendón.
60%
pueblo
60%
que
60%
que
60%
reto
60%
ser
60%
si
60%
si
60%
siempre
60%
su
60%
sus
60%
tantas
60%
templó
60%
veces
60%
viril.
60%
y
60%
y
60%
No matching quizzes found
Score Distribution
Percent of People with Each Score
Percentile by Number Answered
Your Score History
You have not taken this quiz